Dachshunds / Mario Migliorini.
Record details
- ISBN: 0668037717
- Physical Description: 96 pages : illustrations ; 21 cm.
- Publisher: New York : Arco, c1976.
Search for related items by subject
| Subject: | Dachshunds. |
Search for related items by series
| LDR | 00706cam a2200229 i 4500 | ||
|---|---|---|---|
| 001 | 123048 | ||
| 003 | CONS | ||
| 005 | 20140703073300.0 | ||
| 008 | 770214s1976 nyua 000 0 eng | ||
| 010 | . | ‡a 75004018 | |
| 020 | . | ‡a0668037717 | |
| 035 | . | ‡a(CPomAG)LMN480888 | |
| 050 | 0 | . | ‡aSF429.D25 ‡bM53 |
| 082 | . | ‡a636.7/53 | |
| 100 | 1 | . | ‡aMigliorini, Mario. |
| 245 | 1 | 0. | ‡aDachshunds / ‡cMario Migliorini. |
| 260 | . | ‡aNew York : ‡bArco, ‡cc1976. | |
| 300 | . | ‡a96 pages : ‡billustrations ; ‡c21 cm. | |
| 440 | 0. | ‡aArco pet handbooks | |
| 650 | 0. | ‡aDachshunds. | |
| 959 | . | ‡i32269000072747 ‡l636.753 Mig ‡aAdult - Nonfiction ‡tNonFiction ‡g1.95 | |
| 852 | . | ‡p32269000072747 ‡j636.753 Mig ‡gAdult - Nonfiction ‡cNonFiction ‡y1.95 ‡bSBPL | |
| 901 | . | ‡a123048 ‡bUnknown ‡c123048 ‡tbiblio | |